000 00532ntaaa2200193 4500
003 01
005 20251027202832.0
008 0714s1973 ag 01
040 _aAR-BaBN
_bspa
_cAR-BaBN
_eaacr
_dRIC
082 _a268.6100 B26
100 _aBarnhouse, Donald Grey
245 _aTeaching the word of truth
250 _a1 ed.
260 _aGrand Rapids :
_bWilliam B Eerdmans Publishing Company,
_cc1940, 1968
300 _a189 p
500 _aLecciones bíblicas ilustradas
650 _aenseñanza bíblica
_928953
942 _cBK
999 _c23753
_d23753